000 00766nam a22002897a 4500
001 0000019
003 KOHA_MİRAKIL
005 20260207001156.0
007 ta
008 120430b2000 tu a|||gr||||#||||0|tur |
020 _a9755911286
_c11,69
040 _aTR-BiSEU
_btur
_cTR-BiSEU
_erda
041 0 _atur
044 _ctu
050 _aQP514.2
_b.A33 2000
100 1 _aAdam, Bahattin.
245 1 _aTemel biyokimya/
_cBahattin Adam ; Bahattin Adam.
264 1 _aAnkara :
_bNobel Yayıncılık
_c2000
300 _a151 sayfa; 24 cm.
336 _ametin
_btxt
_2rdacontent
337 _aaracısız
_bn
_2rdamedia
338 _acilt
_bnc
_2rdacarrier
650 0 _aBiyoloji.
_91517
650 0 _aBiyokimya.
_91518
907 _aBiyokimya
942 _2lcc
_cBK
999 _c20
_d20